La théorie de l'autonomie de la volonté (Registro nro. 45717)

Detalles MARC
000 -ENCABEZADO
Número de control [NR] 01578nam a2200385Ia 4500
008 - DE LONGITUD FIJA DE DATOS DE ELEMENTOS - INFORMACIÓN GENERAL
Elementos de longitud fija [NR] 130821s1927 ne gr spa
040 ## - FUENTE DE CATALOGACION [NR]
Agencia de catalogación original [NR] Co-BoUCM
Idioma de catalogación [NR] spa
041 00 - CODIGO DE IDIOMA [R]
Código de idioma para texto/pista de sonido o título separado [R] Español
100 1# - ASIENTO PRINCIPAL--NOMBRE PERSONAL [NR]
Nombre personal [NR] Niboyet, J.P.
245 13 - MENCION DE TITULO [NR]
Título [NR] La théorie de l'autonomie de la volonté
Mención de responsabilidad, etc. [NR] J.P. Niboyet
260 ## - PUBLICACION, DISTRIBUCION, ETC. (PIE DE IMPRENTA) [R]
Lugar de publicación, distribución, etc. [R] Leiden (Holanda)
Nombre del editor, distribuidor, etc. [R] A.W. Sijthoff
Fecha de publicación, distribución, etc. [R] 1927
300 ## - DESCRIPCION FISICA [R]
Extensión [R] 615 páginas
490 #0 - MENCION DE SERIE [R]
Mención de serie [R] Recueil des Cours.
Designación numérica/secuencial del volumen [NR] 16.
Mención de serie [R] Collected Courses of the Hague Academy of International Law
504 ## - NOTA DE BIBLIOGRAFIA, ETC. [R]
Nota de bibliografía, etc. [NR]
650 04 - ASIENTO SECUNDARIO DE MATERIA - TERMINO TEMATICO [R]
Término temático o nombre geográfico como elemento de entrada [NR] Armas químicas
9 (RLIN) 9358
650 04 - ASIENTO SECUNDARIO DE MATERIA - TERMINO TEMATICO [R]
Término temático o nombre geográfico como elemento de entrada [NR] Autonomía de la voluntad (Derecho)
650 04 - ASIENTO SECUNDARIO DE MATERIA - TERMINO TEMATICO [R]
Término temático o nombre geográfico como elemento de entrada [NR] Derecho internacional privado
9 (RLIN) 7497
650 04 - ASIENTO SECUNDARIO DE MATERIA - TERMINO TEMATICO [R]
Término temático o nombre geográfico como elemento de entrada [NR] Derecho internacional público
9 (RLIN) 7498
650 04 - ASIENTO SECUNDARIO DE MATERIA - TERMINO TEMATICO [R]
Término temático o nombre geográfico como elemento de entrada [NR] Derecho internacional
9 (RLIN) 12776
650 04 - ASIENTO SECUNDARIO DE MATERIA - TERMINO TEMATICO [R]
Término temático o nombre geográfico como elemento de entrada [NR] Guerra química
9 (RLIN) 16630
650 04 - ASIENTO SECUNDARIO DE MATERIA - TERMINO TEMATICO [R]
Término temático o nombre geográfico como elemento de entrada [NR] Seguridad internacional
9 (RLIN) 24104
700 12 - ASIENTO SECUNDARIO - NOMBRE PERSONAL [R]
Nombre personal [NR] Bourquin, Maurice
700 12 - ASIENTO SECUNDARIO - NOMBRE PERSONAL [R]
Nombre personal [NR] Eysinga, W.J.M. van
700 12 - ASIENTO SECUNDARIO - NOMBRE PERSONAL [R]
Nombre personal [NR] Kraus, Herbert
700 12 - ASIENTO SECUNDARIO - NOMBRE PERSONAL [R]
Nombre personal [NR] Verdross, Alfred
700 12 - ASIENTO SECUNDARIO - NOMBRE PERSONAL [R]
Nombre personal [NR] Williams, John Fisher
710 2# - ASIENTO SECUNDARIO - NOMBRE CORPORATIVO [R]
Nombre corporativo o de jurisdicción como elemento de entrada [NR] Académie de Droit International Law.
740 02 - ASIENTO SECUNDARIO – TITULOS RELACIONADOS/ANALITICOS NO CONTROLADOS [R]
Título relacionado o analítico no controlado [NR] Crimes et délits contre la sureté des états étrangers / Maurice Bourquin.
740 02 - ASIENTO SECUNDARIO – TITULOS RELACIONADOS/ANALITICOS NO CONTROLADOS [R]
Título relacionado o analítico no controlado [NR] Quelques aspects juridiques des transferts contractuels de richesse entre états / F. Williams.
740 32 - ASIENTO SECUNDARIO – TITULOS RELACIONADOS/ANALITICOS NO CONTROLADOS [R]
Título relacionado o analítico no controlado [NR] La guerre chimique et le mouvement pour sa ré pression / W.J.M. van Eysinga.
740 32 - ASIENTO SECUNDARIO – TITULOS RELACIONADOS/ANALITICOS NO CONTROLADOS [R]
Título relacionado o analítico no controlado [NR] La morale internationale / Herbert Kraus.
740 32 - ASIENTO SECUNDARIO – TITULOS RELACIONADOS/ANALITICOS NO CONTROLADOS [R]
Título relacionado o analítico no controlado [NR] Le fondement du droit international / Alfred Verdross.
942 ## - ELEMENTOS DE ENTRADA AGREGADOS (KOHA)
Tema principal Derecho
Edición 1
Prefijo de la signatura top. (colección) Colección - Referencia
Parte restante de la signatura top. R311
Tipo de ítem principal el descrito en 300a Libro de referencia
Sistema de clasificación DEWEY
Clasificación 341.02
Existencias
Fecha de último préstamo Total préstamos Signatura topográfica Código de barras Última vez visto Volúmen / Fascículo Ejemplar Price effective from Tipo de ítem Perdido Sistema de clasificación Dañado No prestable Tipo de ítem específico Suprimido Ubicación habitual Ubicación actual Localización Fecha de creación Forma de adquisición Costo
15/02/2025 1 R 341.02 R311 100062991 17/02/2025 V.16 Ej.1 03/02/2013 Libro de referencia   DEWEY     Libro de referencia   Claustro Claustro 5to piso 28/02/2005 Donación 26500.00